000 01186nam0a22003131 4500
001 RU\NLR\INFOCOMM_116\5000060010
005 20250613090814.0
035 _a(NLR Aleph) 009080973
090 _a7981797
_c7981797
100 _a20081116d1988 |||y0rusy50 ca
101 1 _aspa
_crus
102 _aRU
105 _aab z 000zy
200 1 _aAfganistán, camino de la paz
_fVladímir Avákov
_g[trad.: Liudmila Roschina]
210 _aМoscú
_cEd. de la Agencia de prensa "Nóvosti"
_d1988
215 _a45 с., [8] л. ил., карт.
_d19 см
300 _aВ вып. дан.: Афганистан на пути к миру / Владимир Аваков
517 1 _aАфганистан на пути к миру
606 _aАфганский вопрос
_z1979-
_2nlr_sh1
606 _aˆ"‰Национальное примирение", политика
_yАфганистан
_z1987
_2nlr_sh1
686 _aТ3(5Аф)63-4
_2rubbk
686 _aТ3(0)63-611.9
_2rubbk
700 1 _aAvakov
_bV. L.
_f1952-
_gVladimir Levanovič
_4070
801 1 _aRU
_bNLR
_c20081116
801 0 _aRU
_bNLR
_gPSBO
852 _aNLR
_jИ91 Д-4/304
942 _cBOOK
980 _aNB